000 03231Cam#a22008295a#4500
003 AR-RoUNA
005 20260608090813.0
008 140529s1989||||sp|adeff |001 0|spa d
022 _a02125683
040 _aAR-RoUNA
_bspa
041 _aeng
_hspa
044 _aag
080 _a72.036
092 _sHeme
_c72.036
_lA552
245 1 0 _aArquitectura Española 1992 :
_bEpifanías de la modernidad = Spanish Architecture 1992: Epiphanies of modernism /
_ceditores y escritores Richard C. Levene; Fernando Márquez Cecilia
246 _aEl Croquis
_nnº 55/56
260 _aMadrid, España :
_bEl Croquis Editorial,
_c1992
300 _acontinuacion p. 397-761 :
_bil.
_bfot. col.
_c34 cm.
490 _aEl Croquis
505 _tÍNDICE
505 _tArquitectura Española 1992
505 _tEpifanías de la modernidad
505 _aJosé Luis González Cobelo / Arquitectura española hacia los años noventa p.4
505 _tObras
505 _tGuillermo Vázquez Consuegra
505 _aPabellón de la Navegación en la Expo ´92 p.18
505 _aCentral Telefónica de Pineda P.46
505 _t Manuel de las Casas e Ignacio de las Casas
505 _aPabellón de Castilla / La Mancha en la Expo ´92 p.52
505 _aConsejería de Agricultura de Castilla/ La Mancha p.72
505 _tJordi Garcés y Enric Soria
505 _aPabellón Olímpico de Pelota p.84
505 _tMoisés Gallego y Franc Fernández
505 _aPiscinas Bernat Picornell p.102
505 _aPabellón de Entrenamiento de la Villa Olímpica p.112
505 _tAlberto Noguerol y Pilar Diez
505 _rFacultad de Filología de Santiago de Compostela p.122
505 _aAyuntamiento de Camas y Biblioteca Municipal p.138
505 _aAulario en Santa Comba p.146
505 _tIñaki Ábalos y Juan Herreros
505 _aLuis Moreno Mansilla y Emilio Tuñón / Alfabeto. Abalos y Herrero 1992 p.154
505 _tMariano Bayón
505 _aCentro Regional de la Red Eléctrica de España p.176
505 _tManuel Gallego Jorreto
505 _aMariano Bayón / Pensamiento confirmados por unas obras de Manuel Gallego p.186
505 _aCasa Rodriguez p.191
505 _aCasa de Cultura de Chantada p.200
505 _tAntonio Cruz y Antonio Ortiz
505 _aViviendas en Tharis p.208
505 _aViviendas Nuevo Sancti Petri p.218
505 _tGonzalo Diaz Recasens
505 _aCasas patio Valparaiso p.226
505 _tTonet Sunyer y Jordi Badia
505 _aJosep Maria Montaner / Minimalismo de lujo p.238
505 _aCasa en San Gervasio p.246
600 1 0 _aCampo Baeza, Alberto,
_d1946-
_924595
650 4 _aArquitectura contemporanea
650 4 _aViviendas unifamiliares
650 4 _aArquitectura deportiva
650 4 _aHospitales
650 4 _aMuseos
650 4 _aVelodromos
651 4 _aEspaña
_92108
653 _aCasa Turegano
700 1 _aMarquez Cecilia, Fernando
_93198
700 1 _aRuiz Barbarin, Antonio.
_93806
908 _aImp
930 _cvol. 2
_e6407
942 _cLIB
_2udc
945 _aMIA
_d2018-12-13
980 _81
_gMaricel Allasia
_61
_aMaricel Allasia
999 _c12458
_d12458